000 00330nam a2200109Ia 4500
008 171211s9999 xx 000 0 und d
245 _aMergers, Acquisitions, and Corporate Restructurings, 5 edition
245 _cPatrick A. Gaughan
260 _c2010
650 _xBUSINESS
856 _uhttp://down.ebook777.com/062/0470561963.pdf
999 _c349492
_d349492